[Event "Berlin-ch Seniors op 39th"]
[Site "Berlin"]
[Date "2023.01.29"]
[Round "6"]
[White "Daverkausen, Bernd"]
[Black "Beran, Rolf Dietrich"]
[Result "1-0"]
[WhiteElo "2120"]
[BlackElo "1949"]
[PlyCount "39"]
[EventDate "2023.01.24"]
[EventType "swiss"]
[EventRounds "9"]
[EventCountry "GER"]
[SourceTitle "CBM 212 Extra"]
[Source "ChessBase"]
[SourceDate "2023.03.31"]
[SourceVersion "1"]
[SourceVersionDate "2023.03.31"]
[SourceQuality "1"]

1. Nf3 d5 2. c4 c6 3. cxd5 cxd5 4. d4 Nc6 5. Nc3 Nf6 6. Bf4 a6 7. Rc1 Qb6 8. Na4 Qb4+ 9. Bd2 Qd6 10. Qb3 b5 11. Nb6 Rb8 12. Nxc8 Rxc8 13. a4 Rb8 14. axb5 e6 15. e3 Nb4 16. bxa6 Be7 17. Qa4+ Kf8 18. Rc5 Qd7 19. Rb5 Nc6 20. Ne5 1-0

[Event "Berlin Lichtenrade op 15th"]
[Site "Berlin"]
[Date "2019.10.15"]
[Round "4"]
[White "Budt, Matthias"]
[Black "Daverkausen, Bernd"]
[Result "1/2-1/2"]
[WhiteElo "2188"]
[BlackElo "2122"]
[PlyCount "40"]
[EventDate "2019.10.12"]
[EventType "swiss"]
[EventRounds "9"]
[EventCountry "GER"]
[SourceTitle "CBM 192 Extra"]
[Source "Chessbase"]
[SourceDate "2019.11.06"]
[SourceVersion "1"]
[SourceVersionDate "2019.11.06"]
[SourceQuality "1"]

1. d4 Nf6 2. Nf3 g6 3. c4 Bg7 4. g3 0-0 5. Bg2 d6 6. 0-0 Nc6 7. Nc3 a6 8. b3 Rb8 9. Nd5 e6 10. Nxf6+ Qxf6 11. Bg5 Qf5 12. Qd2 Qa5 13. Qxa5 Nxa5 14. Rac1 Nc6 15. Rfd1 h6 16. Be3 Ne7 17. Bd2 b6 18. c5 Bb7 19. Ne1 Bxg2 20. Kxg2 Rfd8 1/2-1/2

[Event "Berlin Lichtenberger op 17th"]
[Site "Berlin"]
[Date "2018.08.25"]
[Round "8"]
[White "Daverkausen, Bernd"]
[Black "Jaeger, Andre"]
[Result "1/2-1/2"]
[WhiteElo "2132"]
[BlackElo "1974"]
[PlyCount "35"]
[EventDate "2018.08.18"]
[EventType "swiss"]
[EventRounds "9"]
[EventCountry "GER"]
[SourceTitle "CBM 186 Extra"]
[Source "ChessBase"]
[SourceDate "2018.08.24"]
[SourceVersion "1"]
[SourceVersionDate "2018.08.24"]
[SourceQuality "1"]

1. d4 Nf6 2. Nf3 d6 3. g3 g6 4. Bg2 Bg7 5. 0-0 0-0 6. a4 Nbd7 7. a5 e5 8. dxe5 dxe5 9. a6 c6 10. Nc3 Qc7 11. Nd2 Nc5 12. axb7 Bxb7 13. Nc4 Rfd8 14. Qe1 Nd5 15. Na4 Nxa4 16. Rxa4 Nb6 17. Qa5 Rd7 18. Nxb6 1/2-1/2

[Event "Solingen Karneval op"]
[Site "Solingen"]
[Date "2017.02.25"]
[Round "2"]
[White "Schimnatkowski, Lukas"]
[Black "Daverkausen, Bernd"]
[Result "0-1"]
[WhiteElo "1928"]
[BlackElo "2124"]
[PlyCount "70"]
[EventDate "2017.02.24"]
[EventType "swiss"]
[EventRounds "5"]
[EventCountry "GER"]
[SourceTitle "EXT 2018"]
[Source "ChessBase"]
[SourceDate "2017.10.13"]
[SourceVersion "1"]
[SourceVersionDate "2017.10.13"]
[SourceQuality "1"]

1. e4 c5 2. d3 Nc6 3. g3 g6 4. Bg2 Bg7 5. Nf3 d6 6. 0-0 e5 7. c3 Nge7 8. a3 0-0 9. b4 h6 10. Nbd2 Be6 11. Re1 b5 12. Bb2 cxb4 13. axb4 a5 14. d4 exd4 15. Nxd4 Nxd4 16. cxd4 axb4 17. Rxa8 Qxa8 18. e5 Bd5 19. exd6 Nf5 20. Ne4 Nxd6 21. Nxd6 Bxg2 22. Re3 Qd5 23. Ne8 Bh3 24. f3 Bh8 25. Qd3 Bf5 26. Qe2 Qc4 27. Nd6 Qxe2 28. Rxe2 Bd3 29. Re7 Bc4 30. Rd7 Ra8 31. Ne4 Ra2 32. Rd8+ Kh7 33. Bc1 Ra1 34. d5 Rxc1+ 35. Kg2 Bf1+ 0-1

[Event "Goch op 27th"]
[Site "Goch"]
[Date "2016.09.02"]
[Round "2"]
[White "Daverkausen, Bernd"]
[Black "Mohrholz, Stefan"]
[Result "1-0"]
[WhiteElo "2128"]
[BlackElo "1966"]
[PlyCount "123"]
[EventDate "2016.09.01"]
[EventType "swiss"]
[EventRounds "7"]
[EventCountry "GER"]
[SourceTitle "EXT 2018"]
[Source "ChessBase"]
[SourceDate "2017.10.13"]
[SourceVersion "1"]
[SourceVersionDate "2017.10.13"]
[SourceQuality "1"]

1. d4 Nf6 2. Nf3 g6 3. g3 Bg7 4. Bg2 0-0 5. 0-0 c6 6. a4 d6 7. a5 Na6 8. Re1 Qc7 9. e4 e5 10. h3 Be6 11. Nc3 Rad8 12. Be3 c5 13. dxe5 dxe5 14. Qe2 Qb8 15. Red1 h6 16. Nd2 Nd7 17. Nc4 Nb4 18. Nd5 Nc6 19. c3 b5 20. axb6 axb6 21. Ra6 Bxd5 22. Rxd5 Ne7 23. Rd1 Qc7 24. Na3 Nb8 25. Rxd8 Rxd8 26. Nb5 Qc6 27. Ra7 Rd7 28. Qc4 Nc8 29. Rxd7 Qxd7 30. Bf1 Nd6 31. Qd5 Nxb5 32. Qxd7 Nxd7 33. Bxb5 Nf8 34. Bc4 Nd7 35. Bb5 Nf8 36. Bc4 Ne6 37. Bxe6 fxe6 38. Kf1 Kf7 39. Ke2 Ke7 40. Kd3 Kd7 41. c4 Kc6 42. Kc3 Bf8 43. b3 h5 44. Bg5 Bd6 45. Kd3 Kd7 46. Bf6 Ke8 47. Ke2 Bc7 48. g4 Kf7 49. Bg5 hxg4 50. hxg4 Ke8 51. Bd2 Bd6 52. Kf3 Kf7 53. Kg3 Kg7 54. Kh4 Kh7 55. Bg5 Bc7 56. Be7 Kh6 57. Bf6 g5+ 58. Bxg5+ Kg6 59. f3 Kh7 60. Kh5 Kg7 61. Bh4 Kh7 62. Bf6 1-0

[Event "Berlin Lichtenrade op 11th"]
[Site "Berlin"]
[Date "2015.10.27"]
[Round "4"]
[White "Daverkausen, Bernd"]
[Black "Lerch, Philipp"]
[Result "1/2-1/2"]
[WhiteElo "2157"]
[BlackElo "2307"]
[PlyCount "82"]
[EventDate "2015.10.24"]
[EventType "swiss"]
[EventRounds "9"]
[EventCountry "GER"]
[SourceTitle "CBM 169 Extra"]
[Source "ChessBase"]
[SourceDate "2015.12.18"]
[SourceVersion "1"]
[SourceVersionDate "2015.12.18"]
[SourceQuality "1"]

1. Nf3 c5 2. c4 Nf6 3. Nc3 b6 4. g3 Bb7 5. Bg2 e6 6. 0-0 Be7 7. b3 0-0 8. Bb2 d6 9. d4 cxd4 10. Nxd4 Bxg2 11. Kxg2 a6 12. e3 Qc7 13. f4 Nc6 14. Nxc6 Qxc6+ 15. Qf3 Qc7 16. Rfd1 b5 17. cxb5 axb5 18. a4 b4 19. Ne2 Qc2 20. Rab1 Rac8 21. Kg1 Nd5 22. Nd4 Qc5 23. Nf5 exf5 24. Rxd5 Qc2 25. Qd1 Qc6 26. Qd3 Qb7 27. Rb5 Qa6 28. Rd1 Rc5 29. Rxc5 Qxd3 30. Rxd3 dxc5 31. Rd7 Rd8 32. Rxd8+ Bxd8 33. Kf1 Kf8 34. Ke2 Ke7 35. Kd3 f6 36. Kc4 Kd6 37. Kb5 Be7 38. a5 Kc7 39. a6 Bd6 40. Bc1 Be7 41. Bd2 Bd6 1/2-1/2

[Event "Goch op 26th"]
[Site "Goch"]
[Date "2015.09.05"]
[Round "4"]
[White "Rieger, Mario"]
[Black "Daverkausen, Bernd"]
[Result "0-1"]
[WhiteElo "1912"]
[BlackElo "2137"]
[PlyCount "34"]
[EventDate "2015.09.03"]
[EventType "swiss"]
[EventRounds "7"]
[EventCountry "GER"]
[SourceTitle "EXT 2018"]
[Source "ChessBase"]
[SourceDate "2017.10.13"]
[SourceVersion "1"]
[SourceVersionDate "2017.10.13"]
[SourceQuality "1"]

1. d4 Nf6 2. Nf3 g6 3. c4 Bg7 4. Nc3 0-0 5. e4 d6 6. Be2 Na6 7. 0-0 e5 8. Be3 Ng4 9. Bg5 Qe8 10. h3 h6 11. Bh4 exd4 12. Nxd4 Nf6 13. f3 c6 14. Bg3 Qe7 15. a3 Nh5 16. Bf2 Nf4 17. Qd2 Qg5 0-1

[Event "Berlin Lichtenberger op 14th"]
[Site "Berlin"]
[Date "2015.08.20"]
[Round "6"]
[White "Daverkausen, Bernd"]
[Black "Ferster, Fabian"]
[Result "1/2-1/2"]
[WhiteElo "2137"]
[BlackElo "2142"]
[PlyCount "61"]
[EventDate "2015.08.15"]
[EventType "swiss"]
[EventRounds "9"]
[EventCountry "GER"]
[SourceTitle "EXT 2016"]
[Source "ChessBase"]
[SourceDate "2015.10.08"]
[SourceVersion "1"]
[SourceVersionDate "2015.10.08"]
[SourceQuality "1"]

1. Nf3 Nc6 2. d4 d5 3. Bf4 Bg4 4. c4 e6 5. Nc3 Bb4 6. Ne5 Nxe5 7. Bxe5 Bxc3+ 8. bxc3 Nf6 9. Qb3 b6 10. Bxf6 gxf6 11. f3 Bf5 12. cxd5 exd5 13. e4 dxe4 14. Bb5+ Kf8 15. 0-0 e3 16. Rfe1 Qe7 17. Qd5 c6 18. Qxf5 cxb5 19. Qe4 Re8 20. Rxe3 f5 21. Qxe7+ Rxe7 22. Rae1 Rxe3 23. Rxe3 f6 24. Kf2 Kf7 25. f4 Rc8 26. Rh3 b4 27. cxb4 Rc2+ 28. Ke3 Kg6 29. Rg3+ Kf7 30. Rh3 Kg6 31. Rg3+ 1/2-1/2

[Event "Berlin Lichtenberger op 14th"]
[Site "Berlin"]
[Date "2015.08.19"]
[Round "5"]
[White "Rudolph, Stephanie"]
[Black "Daverkausen, Bernd"]
[Result "0-1"]
[WhiteElo "1910"]
[BlackElo "2137"]
[PlyCount "83"]
[EventDate "2015.08.15"]
[EventType "swiss"]
[EventRounds "9"]
[EventCountry "GER"]
[SourceTitle "EXT 2016"]
[Source "ChessBase"]
[SourceDate "2015.10.08"]
[SourceVersion "1"]
[SourceVersionDate "2015.10.08"]
[SourceQuality "1"]

1. d4 Nf6 2. Nf3 g6 3. c4 Bg7 4. Nc3 0-0 5. e4 d6 6. Bd3 Na6 7. Be3 e5 8. d5 Nh5 9. g3 Qe8 10. Be2 f5 11. exf5 gxf5 12. Nh4 Nf6 13. Qd2 Nc5 14. 0-0-0 Nfe4 15. Nxe4 Nxe4 16. Qc2 c6 17. Rhg1 cxd5 18. Rxd5 Be6 19. Rb5 Qxb5 20. cxb5 Rac8 21. Qxc8 Rxc8+ 22. Kb1 Bf6 23. Bd3 Bxh4 24. gxh4+ Kf7 25. Bh6 Nxf2 26. Rg7+ Kf6 27. Be2 f4 28. a4 Bd5 29. Rg1 Bb3 30. Bg5+ Kf7 31. Bh5+ Ke6 32. Rf1 Bc2+ 33. Ka2 Nh3 34. Bh6 Bf5 35. Re1 Nf2 36. Re2 Nd3 37. Rd2 d5 38. Rg2 e4 39. Rg7 f3 40. Bg5 f2 41. Re7+ Kd6 42. Be2 0-1

[Event "Berlin Eckbauer op 17th"]
[Site "Berlin"]
[Date "2014.11.10"]
[Round "5"]
[White "Ziems, Michael"]
[Black "Daverkausen, Bernd"]
[Result "0-1"]
[WhiteElo "1818"]
[BlackElo "2221"]
[PlyCount "47"]
[EventDate "2014.10.06"]
[EventType "swiss"]
[EventRounds "7"]
[EventCountry "GER"]
[SourceTitle "EXT 2022"]
[Source "ChessBase"]
[SourceDate "2021.10.06"]
[SourceVersion "1"]
[SourceVersionDate "2021.10.06"]
[SourceQuality "1"]

1. d4 Nf6 2. c4 c5 3. dxc5 e6 4. Nc3 Bxc5 5. e3 0-0 6. Nf3 d5 7. cxd5 exd5 8. Be2 Nc6 9. 0-0 Bg4 10. b3 a6 11. Bb2 Ba7 12. Rc1 Qd6 13. Nb1 Rfe8 14. Bxf6 Qxf6 15. Qxd5 Be6 16. Qg5 Qb2 17. Bd3 Qxa2 18. Qh4 h6 19. Qe4 g6 20. Qh4 Kg7 21. Nbd2 Rad8 22. Bb1 Qa3 23. Nc4 Qxb3 24. Ba2 0-1

[Event "Berlin Werner Ott op"]
[Site "Berlin"]
[Date "2013.07.10"]
[Round "5"]
[White "Brustkern, Juergen"]
[Black "Daverkausen, Bernd"]
[Result "1-0"]
[WhiteElo "2213"]
[BlackElo "2216"]
[PlyCount "49"]
[EventDate "2013.07.06"]
[EventType "swiss"]
[EventRounds "9"]
[EventCountry "GER"]
[SourceTitle "CBM 155 Extra"]
[Source "ChessBase"]
[SourceDate "2013.08.26"]
[SourceVersion "1"]
[SourceVersionDate "2013.08.26"]
[SourceQuality "1"]

1. e4 c5 2. Nf3 Nc6 3. c3 Nf6 4. e5 Nd5 5. d4 cxd4 6. cxd4 d6 7. Bc4 Nb6 8. Bb3 d5 9. Nh4 e6 10. Nf3 Be7 11. 0-0 0-0 12. Nc3 Bd7 13. Re1 f5 14. exf6 Bxf6 15. Ne2 Qe8 16. Nf4 Qf7 17. h4 Rae8 18. Ng5 Bxg5 19. hxg5 e5 20. dxe5 Nxe5 21. Be3 Bc6 22. Bc2 g6 23. b3 d4 24. Qxd4 Rd8 25. Qxe5 1-0

[Event "Berlin Werner Ott op"]
[Site "Berlin"]
[Date "2013.07.07"]
[Round "2"]
[White "Peschke, Uwe"]
[Black "Daverkausen, Bernd"]
[Result "0-1"]
[WhiteElo "2025"]
[BlackElo "2216"]
[PlyCount "44"]
[EventDate "2013.07.06"]
[EventType "swiss"]
[EventRounds "9"]
[EventCountry "GER"]
[SourceTitle "CBM 155 Extra"]
[Source "ChessBase"]
[SourceDate "2013.08.26"]
[SourceVersion "1"]
[SourceVersionDate "2013.08.26"]
[SourceQuality "1"]

1. Nf3 Nf6 2. g3 g6 3. c4 Bg7 4. Nc3 0-0 5. Bg2 d6 6. d4 Nc6 7. 0-0 a6 8. d5 Na5 9. Nd2 c5 10. Qc2 Rb8 11. b3 b5 12. Bb2 e5 13. dxe6 fxe6 14. Nce4 Nxe4 15. Bxg7 Nxd2 16. Bxf8 Nxf1 17. Bh6 Nxh2 18. Qc3 Qe7 19. Kxh2 b4 20. Qd2 Bb7 21. Bf4 Bxg2 22. Bxd6 Qd7 0-1

[Event "Berlin Eckbauer op 14th"]
[Site "Berlin"]
[Date "2011.11.14"]
[Round "5.2"]
[White "Gebigke, Martin"]
[Black "Daverkausen, Bernd"]
[Result "1-0"]
[WhiteElo "2191"]
[BlackElo "2218"]
[PlyCount "63"]
[EventDate "2011.10.17"]
[EventType "swiss"]
[EventRounds "7"]
[EventCountry "GER"]
[SourceTitle "EXT 2022"]
[Source "ChessBase"]
[SourceDate "2021.10.06"]
[SourceVersion "1"]
[SourceVersionDate "2021.10.06"]
[SourceQuality "1"]

1. d4 Nf6 2. c4 g6 3. Nc3 Bg7 4. e4 d6 5. Nf3 0-0 6. Be2 e5 7. 0-0 Na6 8. Re1 c6 9. Bf1 exd4 10. Nxd4 Ng4 11. Nf3 Qb6 12. Re2 Nc5 13. h3 Ne5 14. Rc2 f5 15. Nxe5 Bxe5 16. Be3 Qc7 17. exf5 Bxf5 18. Rd2 Be6 19. Rc1 Qf7 20. Rxd6 Bxd6 21. Qxd6 Nd7 22. Ne4 Bf5 23. Ng5 Qf6 24. c5 Qxd6 25. cxd6 h6 26. Bc4+ Kg7 27. Ne6+ Bxe6 28. Bxe6 Nf6 29. d7 Rad8 30. Bd4 Kh7 31. Bc5 Nxd7 32. Bxd7 1-0